| 000 | 00573nam a2200277Ia 4500 | ||
|---|---|---|---|
| 005 | 20260401122255.0 | ||
| 008 | 008 250103s9999 xx 000 0 eng d | ||
| 020 | _a674992172 | ||
| 037 | _aTB | ||
| 040 | _aEDL | ||
| 040 | _beng | ||
| 040 | _cEDL | ||
| 041 | _2eng | ||
| 041 | _aeng | ||
| 084 | _a182 BAB | ||
| 084 | _qEDL | ||
| 245 | 0 | _aPlutarch: Moralia | |
| 260 | _aLondon | ||
| 260 | _bHarvard University Press | ||
| 260 | _c2005 | ||
| 300 | _a468p | ||
| 942 | _cTB | ||
| 942 | _h182 BAB | ||
| 999 |
_c1846129 _d1846129 |
||